000 01367cam a2200349 a 4500
005 20260322212015.0
008 data
010 _a 2004270397
020 _a0670032611
020 _a9780670032617
040 _aDLC
_cDLC
_dDLC
050 0 0 _aBF1729.B45
_bG65 2004
082 0 4 _a133.5/4042
_220
092 _a133.5 G65 2004
245 0 4 _aThe secret language of birthdays :
_bpersonology profiles for each day of the year /
_cedited by Gary Goldschneider & Aron Goldschneider.
260 _aNew York :
_bPenguin Studio,
_cc2004.
300 _a832 p. :
_bill. ;
_c28 cm.
500 _a"A Joost Elffers Production."
500 _aOriginally published: Viking Penguin, 1994.
500 _aIncludes index.
650 0 0 _aBirthdays
_xMiscellanea.
650 0 0 _aAstrology and psychology.
650 0 0 _aPersonality
_xMiscellanea.
700 1 _aGoldschneider, Gary.
700 1 _aGoldschneider, Aron.
856 4 2 _3Contributor biographical information
_uhttp://www.loc.gov/catdir/enhancements/fy0719/2004270397-b.html
856 4 2 _3Publisher description
_uhttp://www.loc.gov/catdir/enhancements/fy0719/2004270397-d.html
906 _a7
_bcbc
_corigcop
_d2
_encip
_f20
_gy-gencatlg
925 0 _aacquire
_b1 shelf copy
_xpolicy default
955 _dsh13 2004-07-26
_esh42 2004-08-05 to Dewey
001 data
999 _c328
_d328